| 000 | 00787nam0a22002531 4500 | ||
|---|---|---|---|
| 001 | rc\80189 | ||
| 005 | 20250620172934.0 | ||
| 010 |
_a5-85260-024-5 _920000 |
||
| 035 | _a(NLR Aleph) 005350058 | ||
| 090 |
_a6787023 _c6787023 |
||
| 100 | _a20021216d1992 |||y0rusy50 ca | ||
| 101 | 0 | _arus | |
| 102 | _aRU | ||
| 105 | _aa ||||||||| | ||
| 200 | 1 |
_aТомек среди охотников за человеческими головами _e[Перевод] _fАльфред Шклярский |
|
| 205 | _a[Репринт. изд.] | ||
| 210 |
_aНальчик _cБ. и. _d1992 |
||
| 215 |
_a302, [2] с. _cил. _d21 |
||
| 700 | 1 |
_aШклярский _bА. _gАльфред |
|
| 801 | 0 |
_aRU _bNLR _gpsbo |
|
| 801 | 1 |
_aRU _bELAR _2rusmarc |
|
| 852 |
_aNLR _j92-3/2216 |
||
| 942 | _cBOOK | ||
| 980 | _aNB | ||